The Political System of Pakistan (Record no. 345698)
[ view plain ]
| 000 -LEADER | |
|---|---|
| fixed length control field | 00309 a2200121 4500 |
| 090 ## - LOCALLY ASSIGNED LC-TYPE CALL NUMBER (OCLC); LOCAL CALL NUMBER (RLIN) | |
| -- | 3210 |
| -- | 3210 |
| 100 ## - MAIN ENTRY--PERSONAL NAME | |
| Personal name | Sayeed Khalid B |
| 245 ## - TITLE STATEMENT | |
| Title | The Political System of Pakistan |
| 260 ## - PUBLICATION, DISTRIBUTION, ETC. | |
| Place of publication, distribution, etc. | Boston |
| Name of publisher, distributor, etc. | Houghton Mifflin Company |
| Date of publication, distribution, etc. | 1967 |
| 300 ## - PHYSICAL DESCRIPTION | |
| Extent | 321 p. |
| 500 ## - GENERAL NOTE | |
| General note | Papercover |
| 942 ## - ADDED ENTRY ELEMENTS (KOHA) | |
| Institution code [OBSOLETE] | NBS |
| Koha item type | Book |
| Call number prefix | 320.95491 SAY |
| Withdrawn status | Lost status | Source of classification or shelving scheme | Materials specified (bound volume or other part) | Damaged status | Not for loan | Permanent Location | Current Location | Shelving location | Date acquired | Total Checkouts | Total Renewals | Full call number | Barcode | Date last seen | Date last checked out | Price effective from | Koha item type | Public note | Source of acquisition |
|---|---|---|---|---|---|---|---|---|---|---|---|---|---|---|---|---|---|---|---|
| CSS Corner Book | Central Library (CL) | Central Library (CL) | Central Superior Services | 08/28/2013 | 4 | 1 | 320.95491 SAY | NBS2577 | 11/22/2023 | 09/26/2021 | 08/28/2013 | CSS Corner | CSS Corner Book | ||||||
| NUST Law School (NLS) | NUST Law School (NLS) | 02/17/2026 | 320.95491 SAY | NLSD-550 | 02/17/2026 | 02/17/2026 | Book | Donated by Mr. Salahuddin Khan Advocate Supreme Court of Pakistan |
